| 000 | 00762nam a22002537a 4500 | ||
|---|---|---|---|
| 003 | OSt | ||
| 005 | 20220218121659.0 | ||
| 008 | 201103b ||||| |||| 00| 0 eng d | ||
| 020 | _a9783319714066 | ||
| 040 | _cCURAJ | ||
| 082 |
_a511.3223 _bM42F |
||
| 100 | _aMathew, Sunil | ||
| 245 |
_aFuzzy graph theory _cby Sunil Mathew, John N. Mordeson and Davender S. Malik |
||
| 260 |
_aSwitzerland _bSpringer Nature _c2018 |
||
| 300 |
_axviii, 320p. _bHardback |
||
| 490 | _aStudies in fuzziness and soft computing | ||
| 500 | _aUGC Start-Up Research Grant: Mathematics Project | ||
| 653 | _aGame theory | ||
| 653 | _aGraph theory | ||
| 653 | _aFuzzy graphs | ||
| 700 |
_aMordeson, John N _eEditor |
||
| 700 |
_aMalik, Davender S _eEditor |
||
| 942 |
_cBK _2ddc |
||
| 999 |
_c23947 _d23947 |
||